00467 2200169 4500001002100000008004100021035002000062245004900082100002000131260003500151300002900186020001800215084001700233082001100250650002400261990001200285INLIS000000000000888 Ind  a0010-1024000019 aMenyusun Rencana PenelitiancTatang M. Amiri aTatang M. Amiri aJakarta :bRajawali Persc1990 ax, 171 halaman :c21 cm. a979-421-054-4 a001.43 TAT m a001.43 aPENELITIAN - METODE a0001282